000 00414nam a2200145 i 4500
001 bg
245 0 _aĆwiczenia laboratoryjne z obróbki skrawaniem :
_bpraca zbiorowa /
_cpod red. Z. Affanasowicza.
260 _aGliwice,
_c1977.
700 1 _aAffanasowicz, Zbigniew.
_eRed.
040 _cBPK
041 _apol
080 _a621.9.04:621.941(075.8)(076)
942 _cKS
008 s pl f |000 0 pol
999 _c2856
_d2856
856 _uhttp://koha.tu.koszalin.pl/cgi-bin/koha/opac-detail.pl?biblionumber=2856
_yKatalog online BPK